Adopting the euro in central Europe : (Record no. 127849)
[ view plain ]
| 000 -LEADER | |
|---|---|
| fixed length control field | 01810cam a22004334a 4500 |
| 001 - CONTROL NUMBER | |
| control field | 14096745 |
| 003 - CONTROL NUMBER IDENTIFIER | |
| control field | ARRUPE |
| 005 - DATE AND TIME OF LATEST TRANSACTION | |
| control field | 20180404111940.0 |
| 008 - FIXED-LENGTH DATA ELEMENTS--GENERAL INFORMATION | |
| fixed length control field | 050902s2005 dcua c b 001 0 eng c |
| 010 ## - LIBRARY OF CONGRESS CONTROL NUMBER | |
| LC control number | 2005299610 |
| 020 ## - INTERNATIONAL STANDARD BOOK NUMBER | |
| International Standard Book Number | 1589063503 |
| 035 ## - SYSTEM CONTROL NUMBER | |
| System control number | (OCoLC)ocm60036071 |
| 040 ## - CATALOGING SOURCE | |
| Original cataloging agency | DBI |
| Transcribing agency | DBI |
| Modifying agency | PIT |
| -- | AFQ |
| -- | OCLCQ |
| -- | OCL |
| -- | MUQ |
| -- | DLC |
| 042 ## - AUTHENTICATION CODE | |
| Authentication code | pcc |
| 043 ## - GEOGRAPHIC AREA CODE | |
| Geographic area code | ec----- |
| -- | ee----- |
| 050 00 - LIBRARY OF CONGRESS CALL NUMBER | |
| Classification number | HG930.7 |
| Item number | .A36 2004 |
| 082 00 - DEWEY DECIMAL CLASSIFICATION NUMBER | |
| Classification number | 332.4/9409437 |
| Edition number | 22 |
| 300 ## - PHYSICAL DESCRIPTION | |
| Other physical details | ill. ; |
| Dimensions | 28 cm. |
| 100 ## - MAIN ENTRY--PERSONAL NAME | |
| Personal name | Schadler, Susan |
| 9 (RLIN) | 41236 |
| 245 00 - TITLE STATEMENT | |
| Title | Adopting the euro in central Europe : |
| Remainder of title | challenges of the next step in European integration / |
| Statement of responsibility, etc | Susan Schadler ... [et al.]. |
| 260 ## - PUBLICATION, DISTRIBUTION, ETC. (IMPRINT) | |
| Place of publication, distribution, etc | Washington, D.C. : |
| Name of publisher, distributor, etc | International Monetary Fund, |
| Date of publication, distribution, etc | 2005. |
| 300 ## - PHYSICAL DESCRIPTION | |
| Extent | xii, 135 p. : |
| 490 1# - SERIES STATEMENT | |
| Series statement | Occasional paper / International Monetary Fund ; |
| Volume number/sequential designation | 234 |
| 504 ## - BIBLIOGRAPHY, ETC. NOTE | |
| Bibliography, etc | Includes bibliographical references (p. 126-133) and indexes. |
| 610 26 - SUBJECT ADDED ENTRY--CORPORATE NAME | |
| Corporate name or jurisdiction name as entry element | Union économique et monétaire. |
| 9 (RLIN) | 41237 |
| 650 #0 - SUBJECT ADDED ENTRY--TOPICAL TERM | |
| Topical term or geographic name as entry element | Euro |
| Geographic subdivision | Europe, Central. |
| 9 (RLIN) | 41238 |
| 650 #0 - SUBJECT ADDED ENTRY--TOPICAL TERM | |
| Topical term or geographic name as entry element | Euro |
| Geographic subdivision | Europe, Eastern. |
| 9 (RLIN) | 41239 |
| 650 #0 - SUBJECT ADDED ENTRY--TOPICAL TERM | |
| Topical term or geographic name as entry element | Foreign exchange rates |
| Geographic subdivision | Europe, Central. |
| 9 (RLIN) | 41240 |
| 650 #0 - SUBJECT ADDED ENTRY--TOPICAL TERM | |
| Topical term or geographic name as entry element | Foreign exchange rates |
| Geographic subdivision | Europe, Eastern. |
| 9 (RLIN) | 41241 |
| 650 #0 - SUBJECT ADDED ENTRY--TOPICAL TERM | |
| Topical term or geographic name as entry element | Monetary policy |
| Geographic subdivision | Europe, Central. |
| 9 (RLIN) | 41242 |
| 650 #0 - SUBJECT ADDED ENTRY--TOPICAL TERM | |
| Topical term or geographic name as entry element | Monetary unions |
| Geographic subdivision | Europe, Central. |
| 9 (RLIN) | 41243 |
| 650 #0 - SUBJECT ADDED ENTRY--TOPICAL TERM | |
| Topical term or geographic name as entry element | Monetary policy |
| Geographic subdivision | Europe, Eastern. |
| 9 (RLIN) | 41244 |
| 650 #6 - SUBJECT ADDED ENTRY--TOPICAL TERM | |
| Topical term or geographic name as entry element | Politique monétaire |
| Geographic subdivision | Europe centrale. |
| 9 (RLIN) | 41245 |
| 651 #0 - SUBJECT ADDED ENTRY--GEOGRAPHIC NAME | |
| Geographic name | Europe, Central |
| General subdivision | Economic integration. |
| 9 (RLIN) | 41246 |
| 651 #0 - SUBJECT ADDED ENTRY--GEOGRAPHIC NAME | |
| Geographic name | Europe, Eastern |
| General subdivision | Economic integration. |
| 9 (RLIN) | 41247 |
| 651 #6 - SUBJECT ADDED ENTRY--GEOGRAPHIC NAME | |
| Geographic name | Europe centrale |
| General subdivision | Intégration économique. |
| 9 (RLIN) | 41248 |
| 700 1# - ADDED ENTRY--PERSONAL NAME | |
| Personal name | Schadler, Susan. |
| 9 (RLIN) | 41236 |
| 710 2# - ADDED ENTRY--CORPORATE NAME | |
| Corporate name or jurisdiction name as entry element | International Monetary Fund. |
| 9 (RLIN) | 26656 |
| 830 #0 - SERIES ADDED ENTRY--UNIFORM TITLE | |
| Uniform title | Occasional paper (International Monetary Fund) ; |
| Volume number/sequential designation | no. 234. |
| 9 (RLIN) | 41249 |
| 906 ## - LOCAL DATA ELEMENT F, LDF (RLIN) | |
| a | 7 |
| b | cbc |
| c | pccadap |
| d | 2 |
| e | ncip |
| f | 20 |
| g | y-gencatlg |
| 942 ## - ADDED ENTRY ELEMENTS (KOHA) | |
| Source of classification or shelving scheme | Library of Congress Classification |
| Koha item type | Monograph ( Printed materials) |
| Withdrawn status | Lost status | Source of classification or shelving scheme | Damaged status | Not for loan | Collection code | Home library | Current library | Shelving location | Date acquired | Total Checkouts | Full call number | Barcode | Date last seen | Price effective from | Koha item type |
|---|---|---|---|---|---|---|---|---|---|---|---|---|---|---|---|
| Library of Congress Classification | Main Collection | ARRUPE LIBRARY | ARRUPE LIBRARY | Main Collection | 04/04/2018 | HG925 .A36 2004 | 46600001690 | 04/04/2018 | 04/04/2018 | Monograph ( Printed materials) |